LEADER 01052nam a2200253 i 4500 001 991003425649707536 008 080229s2001 it a bc 001 0 ita 020 $a8870413543 035 $ab13689605-39ule_inst 040 $aBiblioteca Interfacoltà$bita 082 04$a016.27153045632 100 1 $aFilippi, Bruna$0627996 245 13$aIl teatro degli argomenti :$bgli scenari seicenteschi del teatro gesuitico romano : catalogo analitico /$cBruna Filippi 260 $aRoma :$bInstitutum historicum S.I.,$c2001 300 $a510 p. :$bill. ;$c24 cm. 440 0$aBibliotheca instituti historici S.I. ;$v54 504 $aInclude bibliografia (p. [7]-9) e indice 650 4$aGesuiti$xAttività teatrale$zRoma$ySec. 17.$vBibliografia 907 $a.b13689605$b02-04-14$c29-02-08 912 $a991003425649707536 945 $aLE002 SB 271.5 FIL$g1$i2002000800886$lle002$og$pE28.00$q-$rn$so $t0$u0$v0$w0$x0$y.i14682898$z29-02-08 996 $aTeatro degli argomenti$91229398 997 $aUNISALENTO 998 $ale002$b29-02-08$cm$da $e-$fita$git $h3$i0 LEADER 01276nam a2200325 i 4500 001 991000800369707536 005 20020506123903.0 008 970307s1987 us ||| | eng 020 $a089252832X 035 $ab1013136x-39ule_inst 035 $aLE00637061$9ExL 040 $aDip.to Fisica$bita 084 $a53(082.2) 084 $a53.2.65 084 $a621.3815 084 $aTK7871.85 111 2 $aSPIE Conference on advanced processing of semiconductor devices$0460996 245 10$aAdvanced processing of semiconductor devices :$bproceedings of SPIE (23-25 March, 1987, Bay Point, Florida) /$cSayan D. Mukherjee (ed.) 260 $aBellingham :$bSPIE,$cc1987 300 $ax, 362 p. :$bill. ;$c28 cm. 490 0 $aSPIE Proceedings ;$v797 650 4$aSemiconductors-Design and construction$xCongresses 700 1 $aMukherjee, Sayan D.$eauthor$4http://id.loc.gov/vocabulary/relators/aut$0733119 710 2 $aSPIE 907 $a.b1013136x$b17-02-17$c27-06-02 912 $a991000800369707536 945 $aLE006 53.2.65 MUK$g1$i2006000011556$lle006$o-$pE0.00$q-$rl$s- $t0$u0$v0$w0$x0$y.i10153652$z27-06-02 996 $aAdvanced processing of semiconductor devices$91444707 997 $aUNISALENTO 998 $ale006$b01-01-97$cm$da $e-$feng$gus $h0$i1